000 00547cam a22002291 4500
001 sa 65003073
003 DLC
005 20260227112121.0
008 890703s1963 ii 000 1 pano
010 _asa 65003073
035 _a(OCoLC)19959750
040 _aDLC
_cWaU
_dDLC
042 _apremarc
050 0 0 _aPK2658
_b.K6
100 1 _aKomala, Amara,
_d1933-
245 1 0 _aSameṃ dī galla.
260 _c[1963]
300 _a104 p.
_c19 cm.
500 _aIn Panjabi.
500 _aShort stories.
650 0 _aShort stories, Panjabi.
999 _c62968
_d62968